<?xml version="1.0" encoding="UTF-8"?>
<record
    xmlns:xsi="http://www.w3.org/2001/XMLSchema-instance"
    xsi:schemaLocation="http://www.loc.gov/MARC21/slim http://www.loc.gov/standards/marcxml/schema/MARC21slim.xsd"
    xmlns="http://www.loc.gov/MARC21/slim">

  <leader>00489nam a22001697a 4500</leader>
  <controlfield tag="005">20240722121939.0</controlfield>
  <controlfield tag="008">240722b        |||||||| |||| 00| 0 eng d</controlfield>
  <datafield tag="022" ind1=" " ind2=" ">
    <subfield code="a">00382396</subfield>
  </datafield>
  <datafield tag="041" ind1=" " ind2=" ">
    <subfield code="a">English/Afrikaans </subfield>
  </datafield>
  <datafield tag="082" ind1=" " ind2=" ">
    <subfield code="a">349 SOU </subfield>
  </datafield>
  <datafield tag="100" ind1=" " ind2=" ">
    <subfield code="l">English/Afrikaans </subfield>
  </datafield>
  <datafield tag="245" ind1=" " ind2=" ">
    <subfield code="a">South African Law Reports </subfield>
  </datafield>
  <datafield tag="260" ind1=" " ind2=" ">
    <subfield code="a">Cape Town: </subfield>
    <subfield code="b">Juta and Company Ltd, </subfield>
    <subfield code="c">2008 </subfield>
  </datafield>
  <datafield tag="300" ind1=" " ind2=" ">
    <subfield code="b">lv, 688 pages; </subfield>
    <subfield code="c">26 cm. </subfield>
  </datafield>
  <datafield tag="650" ind1=" " ind2=" ">
    <subfield code="a">Legal practice </subfield>
    <subfield code="b">Law</subfield>
  </datafield>
  <datafield tag="942" ind1=" " ind2=" ">
    <subfield code="c">BK</subfield>
    <subfield code="6">ALISON_BN_VRIES</subfield>
  </datafield>
  <datafield tag="999" ind1=" " ind2=" ">
    <subfield code="c">2222</subfield>
    <subfield code="d">2222</subfield>
  </datafield>
  <datafield tag="952" ind1=" " ind2=" ">
    <subfield code="0">0</subfield>
    <subfield code="1">0</subfield>
    <subfield code="2">ddc</subfield>
    <subfield code="3">January - February 2008 (1) </subfield>
    <subfield code="4">0</subfield>
    <subfield code="6">349_000000000000000_SOU</subfield>
    <subfield code="7">0</subfield>
    <subfield code="8">SOUTH AFRICAN LAW REPORTS</subfield>
    <subfield code="9">4747</subfield>
    <subfield code="a">LSN</subfield>
    <subfield code="b">LSN</subfield>
    <subfield code="c">SLR</subfield>
    <subfield code="d">2024-07-22</subfield>
    <subfield code="l">0</subfield>
    <subfield code="o">349 SOU</subfield>
    <subfield code="p">LSN/2023/3186</subfield>
    <subfield code="r">2025-04-07 00:00:00</subfield>
    <subfield code="w">2024-07-22</subfield>
    <subfield code="y">BK</subfield>
  </datafield>
  <datafield tag="952" ind1=" " ind2=" ">
    <subfield code="0">0</subfield>
    <subfield code="1">0</subfield>
    <subfield code="2">ddc</subfield>
    <subfield code="3">March - April 2008 (2) </subfield>
    <subfield code="4">0</subfield>
    <subfield code="6">349_000000000000000_SOU</subfield>
    <subfield code="7">0</subfield>
    <subfield code="8">SOUTH AFRICAN LAW REPORTS</subfield>
    <subfield code="9">4748</subfield>
    <subfield code="a">LSN</subfield>
    <subfield code="b">LSN</subfield>
    <subfield code="c">SLR</subfield>
    <subfield code="d">2024-07-22</subfield>
    <subfield code="l">0</subfield>
    <subfield code="o">349 SOU</subfield>
    <subfield code="p">LSN/2023/3187</subfield>
    <subfield code="r">2025-04-07 00:00:00</subfield>
    <subfield code="w">2024-07-22</subfield>
    <subfield code="y">BK</subfield>
  </datafield>
  <datafield tag="952" ind1=" " ind2=" ">
    <subfield code="0">0</subfield>
    <subfield code="1">0</subfield>
    <subfield code="2">ddc</subfield>
    <subfield code="3">May - June 2008 (3) </subfield>
    <subfield code="4">0</subfield>
    <subfield code="6">349_000000000000000_SOU</subfield>
    <subfield code="7">0</subfield>
    <subfield code="8">SOUTH AFRICAN LAW REPORTS</subfield>
    <subfield code="9">4749</subfield>
    <subfield code="a">LSN</subfield>
    <subfield code="b">LSN</subfield>
    <subfield code="c">SLR</subfield>
    <subfield code="d">2024-07-22</subfield>
    <subfield code="l">0</subfield>
    <subfield code="o">349 SOU</subfield>
    <subfield code="p">LSN/2023/3188</subfield>
    <subfield code="r">2025-04-07 00:00:00</subfield>
    <subfield code="w">2024-07-22</subfield>
    <subfield code="y">BK</subfield>
  </datafield>
  <datafield tag="952" ind1=" " ind2=" ">
    <subfield code="0">0</subfield>
    <subfield code="1">0</subfield>
    <subfield code="2">ddc</subfield>
    <subfield code="3">July - August 2008 (4) </subfield>
    <subfield code="4">0</subfield>
    <subfield code="6">349_000000000000000_SOU</subfield>
    <subfield code="7">0</subfield>
    <subfield code="8">SOUTH AFRICAN LAW REPORTS</subfield>
    <subfield code="9">4750</subfield>
    <subfield code="a">LSN</subfield>
    <subfield code="b">LSN</subfield>
    <subfield code="c">SLR</subfield>
    <subfield code="d">2024-07-22</subfield>
    <subfield code="l">0</subfield>
    <subfield code="o">349 SOU</subfield>
    <subfield code="p">LSN/2023/3189</subfield>
    <subfield code="r">2025-04-07 00:00:00</subfield>
    <subfield code="w">2024-07-22</subfield>
    <subfield code="y">BK</subfield>
  </datafield>
  <datafield tag="952" ind1=" " ind2=" ">
    <subfield code="0">0</subfield>
    <subfield code="1">0</subfield>
    <subfield code="2">ddc</subfield>
    <subfield code="3">September - October 2008 (5) </subfield>
    <subfield code="4">0</subfield>
    <subfield code="6">349_000000000000000_SOU</subfield>
    <subfield code="7">0</subfield>
    <subfield code="8">SOUTH AFRICAN LAW REPORTS</subfield>
    <subfield code="9">4751</subfield>
    <subfield code="a">LSN</subfield>
    <subfield code="b">LSN</subfield>
    <subfield code="c">SLR</subfield>
    <subfield code="d">2024-07-22</subfield>
    <subfield code="l">0</subfield>
    <subfield code="o">349 SOU</subfield>
    <subfield code="p">LSN/2023/3190</subfield>
    <subfield code="r">2025-04-07 00:00:00</subfield>
    <subfield code="w">2024-07-22</subfield>
    <subfield code="y">BK</subfield>
  </datafield>
  <datafield tag="952" ind1=" " ind2=" ">
    <subfield code="0">0</subfield>
    <subfield code="1">0</subfield>
    <subfield code="2">ddc</subfield>
    <subfield code="3">November - December 2008 (6)</subfield>
    <subfield code="4">0</subfield>
    <subfield code="6">349_000000000000000_SOU</subfield>
    <subfield code="7">0</subfield>
    <subfield code="8">SOUTH AFRICAN LAW REPORTS</subfield>
    <subfield code="9">4752</subfield>
    <subfield code="a">LSN</subfield>
    <subfield code="b">LSN</subfield>
    <subfield code="c">SLR</subfield>
    <subfield code="d">2024-07-22</subfield>
    <subfield code="l">0</subfield>
    <subfield code="o">349 SOU</subfield>
    <subfield code="p">LSN/2023/3191</subfield>
    <subfield code="r">2025-04-07 00:00:00</subfield>
    <subfield code="w">2024-07-22</subfield>
    <subfield code="y">BK</subfield>
  </datafield>
</record>
